Metin2 wszystkie skille - Statystyki

Ogólne statystyki
  • Ten quiz został rozwiązany 448 razy
  • Średni wynik to 25 z 44
Statystyki odpowiedzi
Profesja Nazwa umiejętności % Poprawnych
Wojownik Body Aura Miecza
99%
Berserk
94%
Wir Miecza
94%
Wojownik Mental Silne Ciało
90%
Szarża
89%
Tąpnięcie
88%
Duchowe Uderzenie
84%
Trzystronne Cięcie
83%
Sura WP Czarowane Ostrze
77%
Ninja Dagger Zasadzka
73%
Błogosławieństwo
72%
Czarowana Zbroja
70%
Strach
68%
Uderzenie Miecza
66%
Walnięcie
66%
Szaman Smok Pomoc Smoka
65%
Ninja Archer Ognista Strzała
64%
Trująca Chmura
63%
Rozproszenie Magii
62%
Trująca Strzała
61%
Uderzenie Palcem
61%
Leczenie
60%
Ognisty Duch
60%
Odbicie
57%
Smoczy Wir
57%
Smoczy Skowyt
55%
Wirujący Sztylet
54%
Krycie Się
52%
Szybki Atak
51%
Latający Talizman
46%
Bezszelestny Chód
43%
Szaman Healer Zwiększenie Ataku
37%
Zwinność
36%
Deszcz Strzał
34%
Mroczna Ochrona
34%
Mroczna Sfera
34%
Powtarzalny Strzał
31%
Strzelający Smok
30%
Ogniste Uderzenie
27%
Mroczne Uderzenie
26%
Sura BM Duchowy Cios
22%
Przywołanie Błyskawicy
21%
Burzowy Szpon
16%
Rzut Piorunem
16%
Nie znaleziono quizów pasujących do podanych kryteriów
Rozkład punktacji
Procent ludzi z każdym wynikiem
Percentyl według liczby udzielonych odpowiedzi
Twoja historia wyników
Nie rozwiązałeś tego quizu